000
00355nam a2200169Ia 4500
100
_a
Alok/Jain
650
_a
Power electronics
942
_c
BK
366
_f
25
654
_a
power electronics
245
_a
Power electronics:Devices
260
_b
Penram international
_c
2010
082
_b
ALO
300
_a
504
546
_a
ENGLISH
999
_c
24024
_d
24024